000 00734cam a22002413a 4500
001 50743
005 20230411090005.0
008 070320s2006 xx 000 0 eng d
035 _a(OCoLC)ocn148665064
040 _aBTCTA
_cBTCTA
_dYDXCP
_dBAKER
020 _a9780060539177
020 _a0060539178
035 _a(OCoLC)148665064
049 _aGRAL
245 0 0 _aRough Crossings
_bThe Slaves, the British, and the American Revolution.
260 _bPerennial
_c2006
720 _aSchama, Simon
938 _aBaker and Taylor
_bBTCP
_nBK0007021333
938 _aYBP Library Services
_bYANK
_n2502246
938 _aBaker & Taylor
_bBKTY
_c16.95
_d12.71
_i0060539178
_n0007021333
_sactive
942 _2lcc
_cbk
994 _aC0
_bDRFGD
999 _c110514
_d110514